000 04461nam a2200493 a 4500
001 dia_4702
003 CHAP
005 20241017184642.0
007 ta
008 220601s2010 mx abdofrm 001 0 spa d
040 _amxchpua
_cCHAP
_erda
041 0 _aspa
_beng
090 _aTesis
_bC78
_c2010
100 1 _aCruz Ayohua, Dionicio
240 1 0 _aProject Identification of Pests in rice (Oryza sativa spp) organic in the Palizada region, Campeche.
_lEspañol
245 1 0 _aProyecto identificación de plagas en el cultivo de arroz (Oryza sativa spp.) orgánico en la región Palizada, Campeche /
_cDionicio Cruz Ayohua
264 _aChapingo, México :
_bEl autor,
_c2010
300 _a74 hojas :
_bilustraciones, mapas, gráficas, diagramas, tablas, fotos +
_e1 CD-ROM
336 _2rdacontent
_atexto
_btxt
337 _2rdamedia
_ano mediado
_bn
338 _2rdacarrier
_avolumen
_bnc
500 _aEl CD contiene el reporte
502 _aTesis
_b(Ingeniero Agroindustrial) --
_cUACh. Departamento de Ingenieria Agroindustrial,
_d2010
504 _aBibliografía: hojas 58-60
520 3 _aEl presente trabajo titulado "Proyecto Identificación de plagas en el cultivo de arroz (Oryza sativa spp.) Orgánico en la región palizada, Campeche" contiene una descripción general de la empresa Laguna Blanca S.P.R. de R.L., señala en forma detallada los procesos que se llevan a cabo en el beneficio de arroz El proyecto está enfocado específicamente en la identificación de las principales plagas que inciden en el cultivo de arroz orgánico así como en la observación del efecto que presentan los abonos orgánicos que se implementan en la producción de arroz. Se utilizaron herramientas vistas en el programa académico del Departamento de Ingeniería Agroindustrial para hacer un diagnostico del estado actual, las herramientas que utilizaron fueron el Análisis FODA y Factorial. También se toma en cuenta que los productos orgánicos que se están elaborando en la empresa Laguna Blanca S.P.R. de R.L. implican la utilización de los subproductos del beneficio de arroz (cascarilla, pulido, vanos, impurezas y ceniza), es decir se les da un valor agregado. Esto significa que los subproductos son reciclados al campo para contribuir al mejoramiento de la tierra y de esta forma obtener productos orgánicos de buena calidad, con rendimientos aceptables y los costos de producción disminuyen ya que no es necesaria la compra de algunos insumos para elaborar abonos que se incorporen al suelo. --
520 3 _aThe present work entitled "Project Identification of Pests in rice (Oryza sativa spp) organic in the Palizada region, Campeche" contains a general description of the company Laguna Blanca S.P.R. R.L., outlined in detail the processes taking place in the benefice of rice The project focuses specifically on identifying the main pests that affect the cultivation of organic rice as well as observation of the effect of organic fertilizers have implemented in the production of rice. View tools were used in the curriculum of Agroindustrial Engineering Department to make a diagnosis of current position; the tools used were the DAFO Analysis and Factorial.Also note that organic products are being developed in the company Laguna Blanca de S.P.R. de R.L. involve the use of the byproducts of the benefit of rice (husk, polishing, vain, impurity and ash), is given a value. This means that products are recycled into the field to contribute to the improvement of land and thus obtain good quality organic products with acceptable yields and lower production costs because it is not necessary to purchase some inputs to produce fertilizers are incorporated into the soil.
650 1 3 _aArroz
_xManejo de enfermedades y plagas
_2atg
650 1 3 _aArroz
_xControl de plagas
_2atg
650 1 3 _aBiofertilizantes
_2atg
650 1 3 _aRice
_xDisease and pest management
_2atg
650 1 3 _aRice
_xPest control
_2atg
650 1 3 _aBiofertilizers
_2atg
700 1 _aPonce Hernández, Pedro
_edirector
700 1 _aReyna Izaguirre, Diana América
_easesora
700 1 _aAscencio Rivera, J. Rogelio
_easesor
856 4 1 _uhttp://10.13.5.2/tesis/112136.pdf
_yDESCARGAR PDF
901 _aTESIS C78 2010
902 _aM
905 _a5232272010 mx nmdl8223123322spa16
942 _cTESIS
_2Clasificación Universidad Autónoma Chapingo
999 _c209526
_d209526